| 000 | 01106cam a2200289 a 4500 | ||
|---|---|---|---|
| 001 | 517908 | ||
| 003 | OSt | ||
| 005 | 20240618125026.0 | ||
| 008 | 861204s1987 enkacf b 001 0 eng | ||
| 010 | _a 86030498 | ||
| 020 | _a0080339336 : | ||
| 020 | _a0080339328: | ||
| 040 |
_aMUST _cMUST |
||
| 082 | 0 | 0 |
_a532 LAN 1987 _219 |
| 100 | 1 |
_aLandau, L. D. _q(Lev Davidovich), _d1908-1968. _98031 |
|
| 240 | 1 | 0 |
_aMekhanika sploshnykh sred. _lEnglish |
| 245 | 1 | 0 |
_aFluid mechanics / _cby L.D. Landau and E.M. Lifshitz ; translated from the Russian by J.B. Sykes and W.H. Reid. |
| 250 | _a2nd ed., 2nd English ed., rev. | ||
| 260 |
_aOxford, England ; _aNew York : _bPergamon Press, _c1987. |
||
| 300 |
_axiii, 539 p.: _bill., ports. ; _c26 cm. |
||
| 490 | 1 |
_aCourse of theoretical physics ; _vv. 6 |
|
| 504 | _aIncludes bibliographical references and index. | ||
| 650 | 0 |
_aFluid mechanics. _98032 |
|
| 700 | 1 |
_aLifshit︠s︡, E. M. _q(Evgeniĭ Mikhaĭlovich) _917456 |
|
| 800 | 1 |
_aLandau, L. D. _q(Lev Davidovich), _d1908-1968. _tTeoreticheskai︠a︡ fizika. _lEnglish ; _vv. 6. _917457 |
|
| 942 |
_2ddc _cO_SHELF |
||
| 999 |
_c8617 _d8617 |
||